• 首页
  • 本馆介绍
  • 公告通知
  • 最新文献
  • 馆藏检索
  • 电子资源
  • 读者导购
  • 参考咨询
  • 我的图书馆
  • 登录
  • 详细信息显示
  • 放入我的书架
  • 预约/预借图书
  • 作者相关作品
  • 分类相关作品
  • 丛书相关作品
  • 出版社相关作品

书目信息

  • 表格格式
  • 工作单格式
  • 卡片格式
题名:
国有独资公司前沿问题研究
    
 
作者: 李建伟
分册:  
出版信息: 北京   法律出版社  2002
页数: 338
开本: 20cm
丛书名: 民商法基本问题研究
单 册:
中图分类: F279.24
科图分类:
主题词: 企业经济
电子资源:
ISBN: 7-5036-3724-2
000 00626nam0 2200217 450
001 0760515518
005 20070817164835.51
010    @a7-5036-3724-2@d¥19.00
100    @a20070817d km y0chiy0120 ea
101 0  @achi
200 1  @a国有独资公司前沿问题研究@Aguo you du zi gong si qian yan wen ti yan jiu@f李建伟@Fli jian wei
205    @a六版
210    @a北京@c法律出版社@d2002
215    @a338@d20cm
225 2  @a民商法基本问题研究
410  0 @12001 @a民商法基本问题研究
606 0  @a企业经济
690    @aF279.24@v3
701  0 @a李建伟@Ali jian wei
801  0 @aCN@bPFT@c20070817
905    @a213230@dF279.24@eg176@f1
    
    国有独资公司前沿问题研究/李建伟.-六版.-北京:法律出版社,2002
    338;20cm.-(民商法基本问题研究)
    
    
    ISBN 7-5036-3724-2:¥19.00
    
●
相关链接 在E读中查询图书 在五车中查询图书 在当当中查询图书 在豆瓣中查询图书


正题名:国有独资公司前沿问题研究     索取号:F279.24/g176         预约/预借

序号 登录号 条形码 馆藏地/架位号 状态 备注
1 6502206   265022067   密集书库-海洋学院/ [索取号:F279.24/g176] 在馆    
唐山师范学院图书馆 欢迎您!
大连网信软件有限公司© 版权所有